000 01187ngm a22003370a 4500
001 PT16750
003 AR-LpoUNG
005 20210202000240.0
007 vd cvaizq
008 191001s1990||||ag |||||||||||||||||spa d
037 _c$8.30
040 _aAR-LpoUNG
_bspa
_cAR-LpoUNG
_eaacr
082 0 _a843 489cyr
100 1 _aRappeneau, Jean Paul
_edir.
245 1 0 _aCyrano de Bergerac
260 _as.l. :
_bVideo Omega,
_c[1990].
300 _aVHS (138 min.) : son., col.
505 0 _aGuión: Jean Claude Carriere ; música: Jean Claude Petit.
520 _aCyrano de Bergerac fue un popular personaje de la vida real, que sirvió de inspiración a la novela que lleva su nombre escrita por Edmond Rostand. Hoy, siglos mas tarde, es adaptada en una obra cinematográfica que respeta la grandeza de ese nombre, de esa vida y ese primer relato.
650 4 _aDISCRIMINACION
650 4 _aLITERATURA
650 4 _aNOVELAS
650 4 _aSOCIEDAD
653 _aLITERATURA FRANCESA
653 _aROSTAND, EDMOND
653 _aVIDEOS
710 2 _aCamera One (Francia)
710 2 _aCentre National de la Cinematographie (Francia)
905 _a16750
942 _cVIDEO
999 _c54447
_d54447